000 00580cam a22002053a 4500
001 38905
003 PGUSA
005 20140828083847.0
008 120217s2012||||xxu|||||s|||||000 | eng d
040 _aPGUSA
_beng
042 _adc
100 1 _aAndrews, William,
_d1848-1908
245 1 0 _aEngland in the Days of Old
_h[electronic resource] /
_cWilliam Andrews
260 _bProject Gutenberg,
_c2012
506 _aPublic domain in the USA.
516 _aElectronic text
830 0 _aProject Gutenberg
_v38905
856 4 0 _uhttp://www.gutenberg.org/ebooks/38905
942 _cEB
999 _c268158
_d268158